[Event "2FoglarVeterans_SIM_B"]
[Site "?"]
[Date "2006.??.??"]
[Round "?"]
[White "Prchly, Milos"]
[Black "Vrbica, Ladislav"]
[Result "1/2-1/2"]
[WhiteElo "2303"]
[BlackElo "2346"]
[PlyCount "102"]
[EventDate "2006.??.??"]
[EventType "corr"]
[SourceDate "2006.06.05"]

1. d4 d5 2. c4 c6 3. Nc3 Nf6 4. e3 e6 5. Nf3 Nbd7 6. Bd3 dxc4 7. Bxc4 b5 8. Bd3
Bb7 9. e4 b4 10. Na4 c5 11. e5 Nd5 12. Nxc5 Nxc5 13. dxc5 Bxc5 14. Bb5+ Ke7 15.
O-O Qb6 16. Bd3 h6 17. Qe2 Rhd8 18. Bd2 Kf8 19. Rfc1 Rac8 20. a3 a5 21. Be4 b3
22. Rd1 a4 23. Qe1 Ne7 24. Bxb7 Qxb7 25. Rac1 Kg8 26. Qe2 Bb6 27. Re1 Rxc1 28.
Rxc1 Nf5 29. Bc3 Rc8 30. Rd1 Bc5 31. Qd2 Ne7 32. h3 Qb6 33. Qe1 Nd5 34. Bd4
Bxd4 35. Nxd4 Rc4 36. Qd2 Ne7 37. Qe3 Qc5 38. Kh2 Nc6 39. Nxc6 Qxe3 40. fxe3
Rxc6 41. Rd4 Rc2 42. Rxa4 Rxb2 43. Rb4 Rb1 44. Kg3 b2 45. a4 g5 46. Kf2 Kg7 47.
Rb5 h5 48. Rb8 h4 49. Rb5 Kg6 50. Rb7 Kf5 51. Rxf7+ Ke4 1/2-1/2

[Event "2FoglarVeterans_SIM_B"]
[Site "?"]
[Date "2006.??.??"]
[Round "?"]
[White "Schwarz, Jan"]
[Black "Canibal, Jaromir"]
[Result "1-0"]
[WhiteElo "2295"]
[BlackElo "2221"]
[PlyCount "109"]
[EventDate "2006.??.??"]
[EventType "corr"]
[SourceDate "2006.06.05"]

1. e4 e5 2. Nf3 Nc6 3. Bb5 a6 4. Ba4 Nf6 5. O-O Be7 6. Re1 b5 7. Bb3 O-O 8. c3
d5 9. exd5 Nxd5 10. Nxe5 Nxe5 11. Rxe5 c6 12. d4 Bd6 13. Re1 Qh4 14. g3 Qh3 15.
Be3 Bg4 16. Qd3 Rae8 17. Nd2 Re6 18. a4 f5 19. axb5 f4 20. Bxf4 Bxf4 21. Rxe6
Bxe6 22. bxa6 Bxd2 23. a7 Ra8 24. Qxd2 Kh8 25. Qg5 Bg8 26. Qe5 Qc8 27. Bxd5
Bxd5 28. Ra4 Bf3 29. c4 h6 30. Qf4 Qg4 31. Qxg4 Bxg4 32. f4 Kg8 33. b4 Be2 34.
Ra6 Kf7 35. Kf2 Bd3 36. Ke3 Bf1 37. Kd2 Bg2 38. Kc3 Ke7 39. b5 cxb5 40. cxb5
Kd8 41. g4 Kc8 42. Kb4 Kb7 43. Rg6 Kxa7 44. Rxg7+ Kb6 45. Rg6+ Kb7 46. Rxh6 Rd8
47. Kc3 Rc8+ 48. Kd2 Bf1 49. b6 Rd8 50. Ke3 Re8+ 51. Kf2 Bc4 52. Rd6 Re2+ 53.
Kg3 Re3+ 54. Kh4 Bf1 55. Kg5 1-0

[Event "2FoglarVeterans_SIM_B"]
[Site "?"]
[Date "2006.??.??"]
[Round "?"]
[White "Stepanov, Konstantin V."]
[Black "Prchly, Milos"]
[Result "1/2-1/2"]
[WhiteElo "2382"]
[BlackElo "2303"]
[PlyCount "75"]
[EventDate "2006.??.??"]
[EventType "corr"]
[SourceDate "2006.06.05"]

1. d4 Nf6 2. c4 e6 3. Nc3 Bb4 4. Nf3 Bxc3+ 5. bxc3 b6 6. Bg5 Bb7 7. Nd2 h6 8.
Bh4 d6 9. f3 c5 10. e3 Nbd7 11. Bd3 Qc7 12. O-O O-O 13. Re1 Rfe8 14. Qc2 Rac8
15. Rab1 cxd4 16. cxd4 Bc6 17. Rbc1 e5 18. Bf5 Rb8 19. Nb3 Bb7 20. Red1 Bc8 21.
Qd3 Nh5 22. c5 dxc5 23. dxc5 Nxc5 24. Nxc5 bxc5 25. Bd8 Bxf5 26. Bxc7 Bxd3 27.
Bxb8 c4 28. Bxa7 Ra8 29. Bc5 Rxa2 30. Bb4 e4 31. Rd2 Ra6 32. Bc3 Nf6 33. Rb2
Kh7 34. Kf2 Kg6 35. Bd4 Rc6 36. Rb6 Rxb6 37. Bxb6 h5 38. Bd4 1/2-1/2

[Event "2FoglarVeterans_SIM_B"]
[Site "?"]
[Date "2006.??.??"]
[Round "?"]
[White "Peczkowski, Marek"]
[Black "Nowak, Ireneusz"]
[Result "1/2-1/2"]
[WhiteElo "2322"]
[BlackElo "2327"]
[PlyCount "64"]
[EventDate "2006.??.??"]
[EventType "corr"]
[SourceDate "2006.06.05"]

1. e4 e5 2. Nf3 Nc6 3. Bb5 Nd4 4. Nxd4 exd4 5. O-O c6 6. Bc4 Nf6 7. Re1 d6 8.
c3 Ng4 9. Qe2 b5 10. Bd3 dxc3 11. dxc3 Be7 12. a4 bxa4 13. Rxa4 O-O 14. Nd2 Ne5
15. Nc4 Bg4 16. Qe3 a5 17. Nxe5 dxe5 18. Bc4 Qd7 19. b3 Be6 20. Bxe6 Qxe6 21.
c4 Bb4 22. Bd2 Qd6 23. Bxb4 axb4 24. c5 Qb8 25. Rea1 Rxa4 26. Rxa4 Rd8 27. h3
Qb7 28. Qg3 f6 29. Qg4 h6 30. Kh2 Kh8 31. Qe6 Qb5 32. Qe7 Rg8 1/2-1/2

[Event "2FoglarVeterans_SIM_B"]
[Site "?"]
[Date "2006.??.??"]
[Round "?"]
[White "Canibal, Jaromir"]
[Black "Abegg, Beat"]
[Result "1/2-1/2"]
[WhiteElo "2221"]
[BlackElo "2334"]
[PlyCount "115"]
[EventDate "2006.??.??"]
[EventType "corr"]
[SourceDate "2006.06.05"]

1. e4 e6 2. d4 c5 3. Nf3 cxd4 4. Nxd4 Bc5 5. Nb3 Bb6 6. Nc3 Ne7 7. Bd3 O-O 8.
Qh5 Nbc6 9. Bg5 f6 10. Bf4 f5 11. Bg3 f4 12. Bh4 Qe8 13. Qxe8 Rxe8 14. f3 a6
15. Bf2 Bxf2+ 16. Kxf2 d6 17. g3 Ng6 18. a4 Bd7 19. Rhd1 Rad8 20. Rd2 Bc8 21.
Rad1 Nce5 22. Be2 Nf7 23. Na5 Kf8 24. Nc4 Ke7 25. a5 fxg3+ 26. hxg3 Nge5 27.
Nxe5 Nxe5 28. Na4 Nc6 29. Nb6 Nxa5 30. f4 Nc6 31. Nxc8+ Rxc8 32. Rxd6 Red8 33.
e5 Rxd6 34. Rxd6 Rc7 35. c3 Rd7 36. Bxa6 bxa6 37. Rxc6 Rd2+ 38. Kf3 Rxb2 39.
Rxa6 Rc2 40. Ra7+ Kf8 41. Rc7 h6 42. c4 h5 43. c5 Rc3+ 44. Kg2 Kg8 45. Kh3 Kh7
46. Re7 Rxc5 47. Rxe6 Rc1 48. Kh4 Rh1+ 49. Kg5 Rg1 50. Kxh5 Rxg3 51. f5 Kg8 52.
Rb6 Rg1 53. Rb8+ Kf7 54. Rb4 Rg2 55. Rb6 Rg1 56. Rb7+ Kf8 57. e6 Rg2 58. Kh4
1/2-1/2

[Event "2FoglarVeterans_SIM_B"]
[Site "?"]
[Date "2006.??.??"]
[Round "?"]
[White "Nowak, Ireneusz"]
[Black "Vrbica, Ladislav"]
[Result "1/2-1/2"]
[WhiteElo "2327"]
[BlackElo "2346"]
[PlyCount "94"]
[EventDate "2006.??.??"]
[EventType "corr"]
[SourceDate "2006.06.05"]

1. e4 c5 2. Nf3 Nc6 3. d4 cxd4 4. Nxd4 Nf6 5. Nc3 e5 6. Ndb5 d6 7. Bg5 a6 8.
Na3 b5 9. Nd5 Be7 10. Bxf6 Bxf6 11. c3 O-O 12. Nc2 Rb8 13. h4 Be7 14. Nce3 Be6
15. a4 Qd7 16. axb5 axb5 17. Bd3 Bd8 18. h5 Bg5 19. Qf3 Kh8 20. O-O b4 21. Nc4
h6 22. Ncb6 Qd8 23. Ra6 bxc3 24. bxc3 Ne7 25. Nc4 Nc8 26. Rd1 Qd7 27. Be2 Bxd5
28. Rxd5 Rb1+ 29. Rd1 Rxd1+ 30. Bxd1 Qb5 31. Ra4 Qc5 32. Qd3 Bd8 33. Rb4 Bb6
34. Ne3 Ne7 35. Qb1 Rb8 36. Qb3 Kg8 37. Be2 Qc7 38. Bc4 Kf8 39. Bxf7 Nc6 40.
Nd5 Bxf2+ 41. Kf1 Qa7 42. Rxb8+ Nxb8 43. Be6 Bg1 44. Qb2 Nc6 45. g3 Nd8 46. Bf5
Nf7 47. Bg6 Ng5 1/2-1/2

[Event "2FoglarVeterans_SIM_B"]
[Site "?"]
[Date "2006.??.??"]
[Round "?"]
[White "Prchly, Milos"]
[Black "Ottesen, Soren Rud"]
[Result "1/2-1/2"]
[WhiteElo "2303"]
[BlackElo "2359"]
[PlyCount "69"]
[EventDate "2006.??.??"]
[EventType "corr"]
[SourceDate "2006.06.05"]

1. d4 Nf6 2. c4 e6 3. Nc3 Bb4 4. e3 O-O 5. Bd3 b6 6. Nf3 c5 7. O-O Bb7 8. Na4
cxd4 9. exd4 Re8 10. Bf4 Bxf3 11. Qxf3 Nc6 12. Be5 Rc8 13. Rad1 Bf8 14. Nc3 d6
15. Bxf6 Qxf6 16. Qxf6 gxf6 17. d5 Ne5 18. b3 f5 19. Be2 a6 20. f4 Ng6 21. Rf3
Red8 22. g3 Be7 23. a4 Bf6 24. Na2 Ne7 25. Re3 exd5 26. cxd5 a5 27. Bc4 Rc7 28.
Kf2 Kg7 29. Kf3 h5 30. Nc1 h4 31. Ne2 hxg3 32. Nxg3 Rh8 33. Kg2 Kf8 34. Ne2 Ng6
35. h3 1/2-1/2

[Event "2FoglarVeterans_SIM_B"]
[Site "?"]
[Date "2006.??.??"]
[Round "?"]
[White "Schwarz, Jan"]
[Black "Prchly, Milos"]
[Result "0-1"]
[WhiteElo "2295"]
[BlackElo "2303"]
[PlyCount "118"]
[EventDate "2006.??.??"]
[EventType "corr"]
[SourceDate "2006.06.05"]

1. e4 e5 2. Nf3 Nf6 3. d4 Nxe4 4. Bd3 d5 5. Nxe5 Bd6 6. O-O O-O 7. c4 Bxe5 8.
dxe5 Nc6 9. cxd5 Qxd5 10. Qc2 Nb4 11. Bxe4 Nxc2 12. Bxd5 Bf5 13. g4 Bxg4 14.
Be4 Nxa1 15. Bf4 f5 16. Bd5+ Kh8 17. Rc1 c6 18. Bg2 Rfd8 19. Nc3 Rd4 20. Be3
Rb4 21. Rxa1 Rxb2 22. h3 Bh5 23. Rb1 Rxb1+ 24. Nxb1 Bf7 25. Nc3 Rd8 26. a4 Rd3
27. Ne2 Bc4 28. Nf4 Ra3 29. Bxa7 Rxa4 30. Bb6 Kg8 31. h4 g6 32. Bf3 Kf7 33. Kg2
h6 34. Bd1 Rb4 35. Bc5 Rb1 36. Be2 Bxe2 37. Nxe2 b6 38. Be3 b5 39. Bxh6 b4 40.
Nf4 b3 41. e6+ Kg8 42. Nd3 Rd1 43. Ne5 Rd6 44. Bc1 Rxe6 45. Bb2 Rd6 46. Nc4 Rd1
47. Kf3 Rh1 48. Ne5 c5 49. Nxg6 Rb1 50. Be5 Rd1 51. Ke3 Rc1 52. h5 Kh7 53. Nf4
Rc2 54. Nd5 b2 55. Bxb2 Rxb2 56. Ne7 Rb3+ 57. Kd2 Rf3 58. Ke2 Rf4 59. Nd5 Rd4
0-1

[Event "2FoglarVeterans_SIM_B"]
[Site "?"]
[Date "2006.??.??"]
[Round "?"]
[White "Buchaillot, Luis Mario"]
[Black "Prchly, Milos"]
[Result "0-1"]
[WhiteElo "2182"]
[BlackElo "2303"]
[PlyCount "26"]
[EventDate "2006.??.??"]
[EventType "corr"]
[SourceDate "2006.06.05"]

1. d4 Nf6 2. Nf3 e6 3. Bg5 c5 4. e3 cxd4 5. exd4 Be7 6. Nbd2 O-O 7. Bd3 Nd5 8.
Bxe7 Qxe7 9. O-O Nf4 10. Ne4 Nc6 11. Qd2 Nxd3 12. Qxd3 d5 13. Ned2 b6 0-1

[Event "2FoglarVeterans_SIM_B"]
[Site "?"]
[Date "2006.??.??"]
[Round "?"]
[White "Peczkowski, Marek"]
[Black "Prchly, Milos"]
[Result "1/2-1/2"]
[WhiteElo "2322"]
[BlackElo "2303"]
[PlyCount "97"]
[EventDate "2006.??.??"]
[EventType "corr"]
[SourceDate "2006.06.05"]

1. d4 Nf6 2. c4 e6 3. Nc3 Bb4 4. e3 O-O 5. Bd3 d5 6. Nf3 c5 7. O-O dxc4 8. Bxc4
cxd4 9. exd4 b6 10. Bg5 Bb7 11. Qe2 Bxc3 12. bxc3 Nbd7 13. Ne5 Qc7 14. Nxd7
Nxd7 15. Rac1 Rfc8 16. Bd3 h6 17. Bh4 Qd6 18. Rfe1 Qd5 19. f4 a6 20. Qf2 Qa5
21. c4 b5 22. c5 Bd5 23. Re2 f5 24. Qe3 Nb8 25. Be1 Qc7 26. a4 bxa4 27. Ra1 Nc6
28. Rxa4 Rcb8 29. Bc2 a5 30. Ra3 Nb4 31. Bb3 Kh7 32. Rb2 Qd7 33. Bd1 Be4 34.
Qd2 Nc6 35. Bf2 Qd8 36. Bb3 Rb4 37. Ra4 Bd5 38. Bxd5 Rxb2 39. Qxb2 Qxd5 40. Ra1
Rb8 41. Qd2 e5 42. fxe5 Nxe5 43. Qxa5 Nd3 44. Qd2 Rb3 45. Rd1 g5 46. Qe2 Nf4
47. Qe7+ Kg8 48. Qe8+ Kh7 49. Qe7+ 1/2-1/2

[Event "2FoglarVeterans_SIM_B"]
[Site "?"]
[Date "2006.??.??"]
[Round "?"]
[White "Nosek, Jaroslav"]
[Black "Nowak, Ireneusz"]
[Result "1-0"]
[WhiteElo "2280"]
[BlackElo "2327"]
[PlyCount "33"]
[EventDate "2006.??.??"]
[EventType "corr"]
[SourceDate "2006.06.05"]

1. e4 e5 2. Nf3 Nc6 3. Bb5 Nd4 4. Nxd4 exd4 5. O-O c6 6. Ba4 Nf6 7. Re1 Be7 8.
e5 Nd5 9. Bb3 d6 10. Bxd5 cxd5 11. exd6 Qxd6 12. b3 Be6 13. Ba3 Qc7 14. Bxe7
Qxe7 15. Qh5 O-O 16. Qxd5 Qc5 17. Qxc5 1-0

[Event "2FoglarVeterans_SIM_B"]
[Site "?"]
[Date "2006.??.??"]
[Round "?"]
[White "Peczkowski, Marek"]
[Black "Shaw, Sidney S."]
[Result "0-1"]
[WhiteElo "2322"]
[BlackElo "2319"]
[PlyCount "116"]
[EventDate "2006.??.??"]
[EventType "corr"]
[SourceDate "2006.06.05"]

1. e4 e5 2. Nf3 Nc6 3. Bb5 a6 4. Ba4 Nf6 5. O-O Be7 6. Re1 b5 7. Bb3 d6 8. c3
O-O 9. h3 Na5 10. Bc2 c5 11. d4 Nd7 12. Nbd2 cxd4 13. cxd4 Nc6 14. Nb3 a5 15.
Be3 a4 16. Nbd2 exd4 17. Nxd4 Nxd4 18. Bxd4 Ne5 19. Nf1 Be6 20. Ne3 Nc6 21. Bc3
Bf6 22. Nd5 Bxc3 23. bxc3 Ne5 24. Rb1 Rb8 25. Qe2 Qd7 26. Rb4 Nc6 27. Rxb5 Nd4
28. cxd4 Qxb5 29. Qxb5 Rxb5 30. Bxa4 Rb2 31. Bb3 Kh8 32. Rc1 Rd2 33. Rc6 Rc8
34. Rxc8+ Bxc8 35. Ne7 Bd7 36. Bxf7 Rxd4 37. f3 g5 38. Bb3 Kg7 39. Nd5 h5 40.
Nb6 Bc6 41. Kf1 Kf6 42. Ke1 Ke5 43. Kf2 Rd2+ 44. Kg3 h4+ 45. Kh2 Bb5 46. Kg1
Kd4 47. Nd5 Bc4 48. Nf6 Bxb3 49. axb3 Rb2 50. Nh7 Ke5 51. Nxg5 Kf4 52. Nf7 Kg3
53. Kf1 Rxg2 54. Nxd6 Rf2+ 55. Kg1 Rxf3 56. Nf5+ Kxh3 57. b4 Kg4 58. b5 Rb3 0-1

[Event "2FoglarVeterans_SIM_B"]
[Site "?"]
[Date "2006.??.??"]
[Round "?"]
[White "Nowak, Ireneusz"]
[Black "Prchly, Milos"]
[Result "0-1"]
[WhiteElo "2327"]
[BlackElo "2303"]
[PlyCount "28"]
[EventDate "2006.??.??"]
[EventType "corr"]
[SourceDate "2006.06.05"]

1. e4 e5 2. f4 exf4 3. Nf3 d5 4. exd5 Nf6 5. Bb5+ c6 6. dxc6 bxc6 7. Bc4 Nd5 8.
O-O Bd6 9. Nc3 Be6 10. Ne4 Bc7 11. Neg5 O-O 12. d4 Nd7 13. Bb3 Qf6 14. Qe1 Rae8
0-1

[Event "2FoglarVeterans_SIM_B"]
[Site "?"]
[Date "2006.??.??"]
[Round "?"]
[White "Shaw, Sidney S."]
[Black "Canibal, Jaromir"]
[Result "1-0"]
[WhiteElo "2319"]
[BlackElo "2221"]
[PlyCount "145"]
[EventDate "2006.??.??"]
[EventType "corr"]
[SourceDate "2006.06.05"]

1. d4 g6 2. g3 Bg7 3. Bg2 Nf6 4. Nf3 O-O 5. O-O d6 6. c4 Nbd7 7. Nc3 e5 8. e4
a6 9. Qc2 exd4 10. Nxd4 Re8 11. Rd1 Rb8 12. h3 Qe7 13. Be3 c5 14. Nb3 Ne5 15.
Qe2 Be6 16. Nd2 Nc6 17. Nd5 Bxd5 18. cxd5 Nd4 19. Bxd4 cxd4 20. Qd3 Nd7 21. Nb3
Ne5 22. Qd2 d3 23. Rac1 Rec8 24. Na5 g5 25. b3 Rxc1 26. Rxc1 Qf6 27. Nc4 Rc8
28. Ne3 Qd8 29. Rf1 b5 30. Kh1 Qf6 31. Qa5 Qd8 32. Qxa6 b4 33. Nf5 Ra8 34. Qb7
Rxa2 35. Qxb4 Qc7 36. Qd4 d2 37. Bf3 Qc2 38. Be2 Qxb3 39. Rd1 Bf8 40. Kg2 Qc2
41. Qe3 f6 42. f3 Kf7 43. h4 gxh4 44. Nxh4 Kg8 45. Nf5 Nd7 46. Qd4 Kf7 47. Qb4
Kg8 48. Qb5 Ra7 49. Qc6 Rc7 50. Qa8 Rc8 51. Qa6 Rc7 52. Qa5 Ne5 53. Qxd2 Nd7
54. Nd4 Qxd2 55. Rxd2 Ra7 56. Bb5 Nc5 57. Bc6 Ra3 58. Rb2 Rd3 59. Nf5 Rb3 60.
Ra2 Rb8 61. Ra7 Nd3 62. Bd7 Ne5 63. Be6+ Kh8 64. g4 Nd3 65. Rf7 Ne5 66. Rxf6
Bg7 67. Nxg7 Kxg7 68. g5 Rb2+ 69. Kg3 Rb3 70. Bg4 Nc4 71. Rh6 Rb7 72. Re6 Kf8
73. f4 1-0